[Event "CRO-chT"]
[Site "Medulin"]
[Date "1997.??.??"]
[Round "?"]
[White "Zelcic, Robert"]
[Black "Jusic, Zdenko"]
[Result "1-0"]
[WhiteElo "2455"]
[BlackElo "2365"]

1.e4 d6 2.d4 Nf6 3.Nc3 c6 4.Nf3 Bg4 5.h3 Bh5 6.Qe2 e6 7.g4 Bg6 8.Bg2 Nbd7
9.h4 h5 10.g5 Ng8 11.Be3 d5 12.Bd2 Bb4 13.exd5 Bxc3 14.bxc3 cxd5 15.c4 Ne7
16.cxd5 Nxd5 17.c4 Ne7 18.d5 Nc5 19.Ne5 O-O 20.O-O exd5 21.Bb4 Rc8 22.cxd5 Nf5
23.Rac1 b6 24.Nc6 Qd7 25.Bxc5 bxc5 26.Qc4 Rfe8 27.Qf4 Nd6 28.Rxc5 Be4 29.Ne5 Rxe5
30.Rxc8+ Qxc8 31.Qxe5 Bxg2 32.Kxg2 Qg4+ 33.Qg3 Qe4+ 34.Kg1 Nf5 35.Qg2 Qxh4
36.Re1 Qf4 37.g6 Nh4 38.Re8+  1-0

[Event "CRO-chT"]
[Site "Medulin"]
[Date "1997.??.??"]
[Round "?"]
[White "Zelcic, Robert"]
[Black "Kiss, Attila"]
[Result "1/2-1/2"]
[WhiteElo "2455"]
[BlackElo "2425"]

1.e4 d6 2.d4 Nf6 3.Nc3 Nbd7 4.Nf3 e5 5.Bc4 Be7 6.O-O c6 7.a4 O-O 8.Re1 b6
9.d5 cxd5 10.Nxd5 Bb7 11.a5 Rc8 12.b3 Nc5 13.axb6 axb6 14.Nxf6+ Bxf6 15.Bd5 Bxd5
16.Qxd5 Qc7 17.Be3 Qc6 18.Nd2 b5 19.Qxc6 Rxc6 20.Ra5 Rb8 21.Rea1 Kf8 22.Kf1 Ne6
23.Ra8 Rxa8 24.Rxa8+ Ke7 25.Ra7+ Rc7 26.Ra2 h6 27.Ke2 Kd7 28.Kd1 Bd8 29.Bb6 Rc6
30.Bxd8 Kxd8 31.Ra8+ Kd7 32.Rb8 Nd4 33.Rb7+ Ke8 34.c4 bxc4 35.Nxc4 Nxb3 36.Nb6 Rc1+
37.Ke2 Rc2+ 38.Kf3 Nd4+ 39.Kg3 Ne2+ 40.Kg4 Nf4 41.g3 Rxf2 42.gxf4 Rxf4+ 43.Kg3 Rxe4
44.Nd5 Rd4 45.Ne3 g6 46.Ng4 h5 47.Nf6+ Kf8 48.h4 Kg7 49.Ne8+ Kf8 50.Nf6 Kg7
51.Ne8+ Kf8 52.Nf6  1/2-1/2

[Event "CRO-chT"]
[Site "Medulin"]
[Date "1997.??.??"]
[Round "?"]
[White "Dabo Peranic, Robert"]
[Black "Petrov, Jole"]
[Result "1/2-1/2"]
[WhiteElo "2195"]
[BlackElo "2365"]

1.e4 d6 2.d4 Nf6 3.Nc3 Nbd7 4.g3 e5 5.Nge2 Be7 6.Bg2 a6 7.a4 b6 8.O-O Bb7
9.h3 O-O 10.Be3 Re8 11.Re1 Bf8 12.dxe5 Nxe5 13.Nf4 g6 14.Nfd5 Nxd5 15.Nxd5 Bg7
16.b3 a5 17.Qd2 Bxd5 18.Qxd5 Qe7 19.Rad1  1/2-1/2

[Event "CRO-chT"]
[Site "Medulin"]
[Date "1997.??.??"]
[Round "?"]
[White "Brumen, Dinko"]
[Black "Kiss, Attila"]
[Result "1/2-1/2"]
[WhiteElo "2335"]
[BlackElo "2425"]

1.d4 d6 2.e4 Nf6 3.Nc3 Nbd7 4.Nf3 e5 5.Bc4 Be7 6.O-O O-O 7.a4 c6 8.h3 b6
9.Qe2 Bb7 10.dxe5 Nxe5 11.Nxe5 dxe5 12.Be3 Bb4 13.Na2 Bd6 14.Nc3 Bb4 15.Na2 Bd6
16.Nc3  1/2-1/2

[Event "CRO-chT"]
[Site "Medulin"]
[Date "1997.??.??"]
[Round "?"]
[White "Brumen, Dinko"]
[Black "Jusic, Zdenko"]
[Result "0-1"]
[WhiteElo "2335"]
[BlackElo "2365"]

1.d4 d6 2.e4 Nf6 3.Nc3 e5 4.Nf3 Nbd7 5.Bc4 Be7 6.O-O O-O 7.a4 c6 8.h3 Qa5
9.Ba2 Re8 10.Re1 Bf8 11.dxe5 dxe5 12.Qe2 Nc5 13.Bg5 Nfd7 14.b4 Qxb4 15.Bd2 Qb6
16.Ng5 Re7 17.Nxf7 Rxf7 18.Qc4 Ne6 19.Qxe6 Qxf2+ 20.Kh1 Nc5 21.Qxf7+ Qxf7
22.Bxf7+ Kxf7 23.Rf1+ Ke8 24.Be3 Be7 25.Rab1 b6 26.Bf2 Ba6 27.Rfd1 Ne6 28.Bg3 Bf6
29.a5 Nd4 30.axb6 axb6 31.Rxb6 Bc4 32.Rb4 Be6 33.Ra4 Rd8 34.Ra5 Nb5 35.Nd5 cxd5
36.Rxb5 dxe4 37.Rxd8+ Kxd8 38.Bxe5 Ke7 39.Rb7+ Bd7 40.Bxf6+ gxf6 41.Kg1 f5
42.g3 h5 43.h4 Kd6 44.Kf2 Ba4 45.c3 Bd1 46.Ke3 Kc5 47.Rf7 Bg4 48.Rc7+ Kd5
49.Kf4 Bh3 50.Ke3 Bg4 51.Kd2 Bh3 52.c4+ Kd4 53.c5 Bg4 54.Kc2 Kd5 55.Kc3 e3
56.Re7 e2 57.Kb4 f4 58.gxf4 Be6  0-1

[Event "Metz op"]
[Site "Metz"]
[Date "1997.??.??"]
[Round "9"]
[White "Malveau, Cedric"]
[Black "Nezar, Mustapha"]
[Result "0-1"]
[WhiteElo "2000"]
[BlackElo "2230"]

1.e4 d6 2.d4 Nf6 3.Nc3 c6 4.Nf3 Qc7 5.Bd3 e5 6.h3 Be7 7.Be3 O-O 8.O-O b5
9.dxe5 dxe5 10.a3 Re8 11.Re1 Nbd7 12.Ne2 Nc5 13.Ng3 Bf8 14.Qe2 g6 15.Rac1 a5
16.Qf1 Bd7 17.Bg5 Bg7 18.Be3 Bf8 19.Bg5 Qd8 20.Qe2 h6 21.Be3 Kh7 22.Qd2 Qc7
23.Bxc5 Bxc5 24.Qc3 Bd6 25.Red1 Be6 26.Bf1 Nd7 27.Qd2 Be7 28.c3 Red8 29.Bd3 Nc5
30.Qe3 Na4 31.Rd2 Rd7 32.Bb1 Rxd2 33.Qxd2 Rd8 34.Qc2 Nc5 35.Qe2 Bc4 36.Qe3 Nb3
37.Re1 Bc5 38.Ng5+ hxg5 39.Qxg5 Rd2 40.Nh1 Qe7 41.Qg3 Qf6  0-1

[Event "Minsk op"]
[Site "Minsk"]
[Date "1997.??.??"]
[Round "1"]
[White "Kornilovich, Vitaly"]
[Black "Malaniuk, Vladimir P"]
[Result "0-1"]
[WhiteElo "2220"]
[BlackElo "2610"]

1.e4 d6 2.d4 Nf6 3.Nc3 c6 4.f4 Qa5 5.e5 Ne4 6.Bd2 Nxd2 7.Qxd2 Bf5 8.O-O-O e6
9.Bd3 Bxd3 10.Qxd3 Na6 11.Kb1 Be7 12.Nf3 d5 13.g4 Nc7 14.f5 c5 15.dxc5 Qxc5
16.Rhf1 O-O-O 17.g5 Qb6 18.h4 Bb4 19.Nd4 Rd7 20.Nce2 Bc5 21.Rf3 h6 22.g6 exf5
23.gxf7 Rxf7 24.Rxf5 Re7 25.Rdf1 Rhe8 26.Rf7 Rxe5 27.c3 Re3 28.Qf5+ Kb8 29.Rxg7 Rxe2
30.Nxe2 Rxe2 31.Rg8+ Ne8 32.b3 Qa5 33.Qf4+ Ka8 34.Qa4 Qxa4 35.bxa4 a6 36.Rh8 Re6
37.Rf5 Ka7  0-1

[Event "Mislata op 6th"]
[Site "Mislata"]
[Date "1997.??.??"]
[Round "6"]
[White "Fos Santacreu, Juan Andres"]
[Black "Arizmendi Martinez, Julen Luis"]
[Result "1/2-1/2"]
[WhiteElo "2255"]
[BlackElo "2470"]

1.d4 d6 2.e4 Nf6 3.Nc3 c6 4.f4 Qa5 5.e5 Ne4 6.Bd2 Nxd2 7.Qxd2 Bf5 8.h3 e6
9.Bd3 Bxd3 10.Qxd3 d5 11.f5 Be7 12.Ne2 exf5 13.Qxf5 O-O 14.O-O Qc7 15.Nf4 Qd7
16.Qd3 Na6 17.Nce2 Nc7 18.Qg3 Ne6 19.Nh5 Rae8 20.Nf6+ Bxf6 21.exf6 Kh8 22.fxg7+ Nxg7
23.Qf3 Qe7 24.Nf4 Qe3+ 25.Qxe3 Rxe3 26.Rf2 Ne6 27.Nxe6 Rxe6 28.Raf1 Kg7 29.Rf5 f6
30.R5f3 Re4 31.c3 Re6 32.Kh2  1/2-1/2

[Event "Mondariz op"]
[Site "Mondariz"]
[Date "1997.??.??"]
[Round "?"]
[White "De la Villa Garcia, Jesus Maria"]
[Black "Ibanez Aullana, Jose Ramon"]
[Result "1-0"]
[WhiteElo "2485"]
[BlackElo "2215"]

1.e4 d6 2.d4 Nf6 3.Nc3 c6 4.f4 Qa5 5.Bd3 e5 6.Nf3 exd4 7.Nxd4 g6 8.O-O Bg7
9.Kh1 Ng4 10.Nf3 b5 11.h3 h5 12.Qe1 b4 13.Nd1 Nd7 14.a3 c5 15.Bd2 Ba6 16.Ng5 Bxd3
17.cxd3 Bd4 18.Nf3 Bf6 19.hxg4 hxg4+ 20.Nh2 c4 21.e5 dxe5 22.Ne3 g3 23.Qxg3 exf4
24.Rxf4 O-O 25.Bxb4 Qh5 26.Nxc4 Rfe8 27.Raf1 Re6 28.Qf3 Qxf3 29.R4xf3  1-0

[Event "Mitropa Cup 17th"]
[Site "Montecatini Terme"]
[Date "1997.??.??"]
[Round "3"]
[White "Prusikin, Mikhajlo"]
[Black "Orsag, Milan"]
[Result "1-0"]
[WhiteElo "2450"]
[BlackElo "2350"]

1.e4 d6 2.d4 Nf6 3.Nc3 e5 4.Nf3 Nbd7 5.Bc4 Be7 6.O-O O-O 7.Re1 c6 8.a4 b6
9.d5 cxd5 10.Nxd5 Bb7 11.b3 Rc8 12.Re2 Rc5 13.Ba3 Bxd5 14.exd5 Rc7 15.Bb5 Nc5
16.c4 Nfe4 17.Qc2 f5 18.a5 bxa5 19.Ne1 Qb8 20.f3 Qb6 21.Kh1 Nf6 22.Bxc5 Rxc5
23.Qxf5 Bd8 24.Qe6+ Kh8 25.Bc6 Rxc6 26.dxc6 Qxc6 27.Nd3 Bb6 28.Nxe5  1-0

[Event "Mitropa Cup 17th"]
[Site "Montecatini Terme"]
[Date "1997.??.??"]
[Round "8"]
[White "Prusikin, Mikhajlo"]
[Black "Weiss, Christian"]
[Result "1-0"]
[WhiteElo "2450"]
[BlackElo "2325"]

1.d4 d6 2.e4 Nf6 3.Nc3 c6 4.f4 Qa5 5.e5 Ne4 6.Bd3 Nxc3 7.Qd2 d5 8.bxc3 c5
9.Nf3 Nc6 10.O-O Bg4 11.Rb1 Bxf3 12.Rxf3 O-O-O 13.e6 cxd4 14.Qe1 f5 15.Bb5 Rd6
16.a4 a6 17.Ba3 axb5 18.Bxd6 bxa4 19.Be5 Rg8 20.cxd4 Qxe1+ 21.Rxe1 g5 22.Ra3 Bg7
23.Bxg7 Rxg7 24.Rxa4 gxf4 25.c3 f3 26.g3 f4 27.Kf2 fxg3+ 28.hxg3 Kc7 29.Ra2 Rg6
30.Kxf3 b5 31.Kg2 h6 32.Kh3 Kb7 33.Rb2 Kb6 34.Reb1 Na7 35.Re2 Nc6 36.Re3 b4
37.cxb4 Nxd4 38.Rd3 Nxe6 39.Rxd5 Ng5+ 40.Kg2 Rc6 41.Rb2 Re6 42.Rd8 Rg6 43.Re8 e6
44.Rb3 Ne4 45.Kh3 Nd6 46.Rh8 e5 47.b5 e4 48.Rb8+ Ka7 49.Rf8 Kb6 50.Kg2 h5
51.Rb8+ Nb7 52.Rh8 Nc5 53.Rb1 Nd3 54.Rb8+ Kc7 55.Re8 Nc5 56.Re5 Kb6 57.Rxh5 Nd3
58.Rh8 e3 59.Rd8 Nf4+ 60.Kf3 Nh5 61.g4 Nf6 62.Rd6+  1-0

[Event "Moravia-chT 9697"]
[Site "?"]
[Date "1997.??.??"]
[Round "?"]
[White "Lanc, Alois"]
[Black "Berezjuk, Sergej"]
[Result "0-1"]
[WhiteElo "2410"]
[BlackElo "2410"]

1.e4 d6 2.d4 Nf6 3.Nc3 e5 4.Nf3 Nbd7 5.Bc4 Be7 6.O-O O-O 7.Re1 c6 8.a4 h6
9.h3 Re8 10.a5 Rb8 11.Bf1 b5 12.axb6 axb6 13.d5 Bb7 14.dxc6 Bxc6 15.Bb5 Bxb5
16.Nxb5 Nc5 17.Nc3 Ra8 18.Rb1 Qb8 19.b4 Ncd7 20.Nb5 Rc8 21.Qd3 Bf8 22.c4 Qb7
23.Bd2 Qc6 24.Rbc1 Ra2 25.Rc3 Rca8 26.Bc1 Ra1 27.Nd2 Ne8 28.Na3 Qa4 29.Rb3 Nc7
30.Ndb1 Ne6 31.Nb5 Ndc5 32.bxc5 Nxc5 33.N1c3 Nxd3 34.Nxa4 Nxe1  0-1

[Event "Moravia-chT 9697"]
[Site "?"]
[Date "1997.??.??"]
[Round "?"]
[White "Sluka, Radek"]
[Black "Nedela, Vlastimil"]
[Result "1-0"]
[WhiteElo "2345"]
[BlackElo "2375"]

1.e4 d6 2.d4 Nf6 3.Nc3 c6 4.Bd3 e5 5.Nge2 Qb6 6.dxe5 dxe5 7.O-O Be6 8.Na4 Qa5
9.c4 Na6 10.a3 Rd8 11.b4 Qc7 12.Qb3 Be7 13.Qc3 O-O 14.c5 Nb8 15.Bb2 Nh5 16.Bc2 Nd7
17.Rad1 Bf6 18.g3 Bg4 19.f3 Be6 20.Bc1 Rfe8 21.Nb2 Nf8 22.Nc4 Bh3 23.Rfe1 Ne6
24.Nd6 Re7 25.f4 Bg4 26.fxe5 Bg5 27.Nf5 Red7 28.Rd6 Bxc1 29.Nxc1 Ng5 30.Rf1 Re8
31.h4 Ne6 32.Kh2 Bxf5 33.exf5 Nf8 34.Bb3 Rxd6 35.cxd6 Qd8 36.Qf3 Nf6 37.exf6 Qxd6
38.fxg7 Nd7 39.f6 Ne5 40.Qh5 Qd2+ 41.Kh3 Qd7+ 42.Qf5 Qd4  1-0

[Event "Goldberg mem"]
[Site "Moscow "]
[Date "1997.??.??"]
[Round "1"]
[White "Egin, Vladimir"]
[Black "Komliakov, Viktor"]
[Result "1/2-1/2"]
[WhiteElo "2425"]
[BlackElo "2460"]

1.e4 d6 2.d4 Nf6 3.Nc3 e5 4.dxe5 dxe5 5.Qxd8+ Kxd8 6.Bc4 Be6 7.Bxe6 fxe6
8.f3 a6 9.Be3 Bd6 10.Nh3 Ke7 11.Nf2 Nbd7 12.O-O-O Rhf8  1/2-1/2

[Event "Goldberg mem"]
[Site "Moscow "]
[Date "1997.??.??"]
[Round "4"]
[White "Odeev, Handszar"]
[Black "Komliakov, Viktor"]
[Result "1/2-1/2"]
[WhiteElo "2420"]
[BlackElo "2460"]

1.e4 d6 2.d4 Nf6 3.Nc3 e5 4.dxe5 dxe5 5.Qxd8+ Kxd8 6.Bg5 Be6 7.f4 exf4 8.O-O-O+ Nd7
9.Nf3 Be7 10.Bxf4 c6 11.Nd4 Bb4 12.Nxe6+ fxe6 13.Bc4 Ke7 14.e5 Bxc3 15.bxc3 Nd5
16.Bg5+ Ke8 17.Rhe1 h6  1/2-1/2

[Event "Moscow-ch"]
[Site "Moscow"]
[Date "1997.??.??"]
[Round "2"]
[White "Zaitsev, Vadim"]
[Black "Yanvarjov, Igor"]
[Result "0-1"]
[WhiteElo "2325"]
[BlackElo "2420"]

1.e4 d6 2.d4 Nf6 3.Nc3 Nbd7 4.f4 e5 5.Nf3 exd4 6.Qxd4 c6 7.e5 dxe5 8.fxe5 Bc5
9.Qh4 Qe7 10.Bf4 Ng4 11.Qxe7+ Kxe7 12.Ne4 Be3 13.Bg3 f6 14.exf6+ Ndxf6 15.Nxf6 Nxf6
16.Bd3 Re8 17.Ke2 Kf8 18.Rhe1 Bc1+ 19.Kf1 Rxe1+ 20.Bxe1 Bxb2 21.Bb4+ Kg8
22.Re1 a5 23.Bc5 b5 24.Re7 Bd7 25.Ne5 Be8 26.Rxe8+ Rxe8 27.Nxc6 Bc3 28.Bf2 Ne4
29.Ba7 Nd6 30.g4 Re1+ 31.Kf2 Ra1 32.Bc5 Nb7 33.Be7 Rxa2 34.Be4 Ra1 35.g5 Rd1
36.Ke2 Rd2+ 37.Ke3 Nd6 38.Bf3 Nf5+ 39.Ke4 Nxe7 40.Nxe7+ Kf7 41.Nd5 b4  0-1

[Event "Moscow-ch"]
[Site "Moscow"]
[Date "1997.??.??"]
[Round "4"]
[White "Dubinski, Roman"]
[Black "Yanvarjov, Igor"]
[Result "1-0"]
[WhiteElo "2295"]
[BlackElo "2420"]

1.e4 d6 2.d4 Nf6 3.Nc3 Nbd7 4.g3 e5 5.Nge2 g6 6.Bg2 Bg7 7.O-O O-O 8.Re1 c6
9.b3 Ng4 10.dxe5 Qb6 11.Rf1 Ndxe5 12.h3 Nf6 13.Qxd6 Re8 14.Be3 Qa5 15.f4 Nd5
16.exd5 Nc4 17.bxc4 Rxe3 18.dxc6 Bxc3 19.Nxc3 Qxc3 20.cxb7 Bxb7 21.Bxb7 Rxg3+
22.Bg2 Re8 23.Qd1 Rge3 24.Rb1 Qxc4 25.Rb7 Rg3 26.Rf2 Qc3 27.Kh2 Ree3 28.Qd7 Qf6
29.Rb8+  1-0

[Event "Moscow-ch"]
[Site "Moscow"]
[Date "1997.??.??"]
[Round "7"]
[White "Arbakov, Valentin"]
[Black "Yanvarjov, Igor"]
[Result "1-0"]
[WhiteElo "2490"]
[BlackElo "2420"]

1.d4 d6 2.e4 Nf6 3.Nc3 Nbd7 4.f4 e5 5.Nf3 exd4 6.Qxd4 c6 7.h3 Be7 8.g4 O-O
9.Bg2 Re8 10.Be3 Nxe4 11.Nxe4 d5 12.O-O-O dxe4 13.Ng5 Bf6 14.Qc4 Bxg5 15.fxg5 Qe7
16.Rhe1 Nb6 17.Qc5 Qxc5 18.Bxc5 Be6 19.Bxe4 Nd5 20.Bd6 Rad8 21.Bg3 f6 22.gxf6 Nxf6
23.Rxd8 Rxd8 24.Bxh7+ Kf7 25.Bd3 Bxa2 26.g5 Ne8 27.h4 b5 28.h5 Bc4 29.Bg6+ Kf8
30.Rxe8+ Rxe8 31.Bd6+ Re7 32.h6  1-0

[Event "Moscow-1"]
[Site "Moscow"]
[Date "1997.??.??"]
[Round "9"]
[White "Losev, Dmitry"]
[Black "Komliakov, Viktor"]
[Result "1/2-1/2"]
[WhiteElo "2435"]
[BlackElo "2460"]

1.e4 d6 2.d4 Nf6 3.Nc3 e5 4.dxe5 dxe5 5.Qxd8+ Kxd8 6.Nf3 Bd6 7.Bg5 Be6 8.O-O-O Nd7
9.Bb5 Kc8 10.Bxf6 Nxf6 11.Ng5 a6 12.Be2  1/2-1/2

[Event "Moscow-ch"]
[Site "Moscow"]
[Date "1997.??.??"]
[Round "9"]
[White "Nikolenko, Oleg"]
[Black "Maljutin, Evgeni"]
[Result "1/2-1/2"]
[WhiteElo "2450"]
[BlackElo "2420"]

1.e4 d6 2.d4 Nf6 3.Nc3 Nbd7 4.Nf3 e5 5.Bc4 Be7 6.O-O O-O 7.a4 c6 8.Re1 b6
9.d5 cxd5 10.Nxd5 Bb7 11.b3 Rc8 12.a5 Nxd5 13.exd5 a6 14.Bf1 b5 15.c4 bxc4
16.Bxc4 Rc5 17.Bd2 Nf6 18.Qe2 Rxd5 19.Bxd5 Nxd5 20.Rac1 Qd7 21.Qc4 Bd8 22.h3 Nc7
23.Bb4 Nb5 24.Nxe5 dxe5 25.Rcd1 Qc7 26.Bxf8 Kxf8 27.Rxe5 Qxe5 28.Rxd8+ Ke7
29.Rd1 h5 30.Qh4+ g5 31.Qb4+ Kf6 32.Qf8 h4 33.Qh8+ Kf5 34.Qh7+ Ke6 35.Qh6+ f6
36.Qg7 Bc6 37.Qg8+ Ke7 38.Qg7+ Ke6 39.Qg8+ Ke7 40.Qg7+ Ke6 41.Qg8+ Ke7  1/2-1/2

[Event "Moscow-1"]
[Site "Moscow"]
[Date "1997.??.??"]
[Round "11"]
[White "Odeev, Handszar"]
[Black "Komliakov, Viktor"]
[Result "1/2-1/2"]
[WhiteElo "2420"]
[BlackElo "2460"]

1.e4 d6 2.d4 Nf6 3.Nc3 e5 4.dxe5 dxe5 5.Qxd8+ Kxd8 6.Bc4 Be6 7.Bxe6 fxe6
8.Nf3 Bd6 9.Be3 Nc6 10.O-O-O Ke7 11.a3 Ng4 12.Rhe1 Nxe3 13.Rxe3 Bc5 14.Re2  1/2-1/2

[Event "JUG-chT (Women)"]
[Site "Niksic"]
[Date "1997.??.??"]
[Round "2"]
[White "Medjedovic, Jadranka"]
[Black "Markovic, Gordana"]
[Result "1-0"]
[WhiteElo "2125"]
[BlackElo "2245"]

1.e4 d6 2.d4 Nf6 3.Nc3 e5 4.dxe5 dxe5 5.Qxd8+ Kxd8 6.Bc4 Be6 7.Bxe6 fxe6
8.Nf3 Bd6 9.Bg5 Ke7 10.O-O Nc6 11.Rad1 h6 12.Be3 a6 13.a3 b5 14.Rfe1 Rab8
15.Bc1 Rhd8 16.b3 Nd4 17.Nxd4 exd4 18.Ne2 Bc5 19.Nf4 Nd7 20.Nd3 e5 21.f4 Bd6
22.Bb2 c5 23.c3 exf4 24.e5 dxc3 25.exd6+  1-0

[Event "NOR-chT"]
[Site "NOR"]
[Date "1997.??.??"]
[Round "7"]
[White "Djurhuus, Rune"]
[Black "Ludvigsen, Frode"]
[Result "1-0"]
[WhiteElo "2530"]
[BlackElo "2340"]

1.e4 d6 2.d4 Nf6 3.Nc3 c6 4.g3 Qa5 5.Bg2 e5 6.Ne2 b5 7.O-O b4 8.Nb1 Ba6 9.Re1 Be7
10.h3 O-O 11.Be3 c5 12.c3 bxc3 13.bxc3 Nbd7 14.d5 Nb6 15.Nd2 Bxe2 16.Qxe2 Qxc3
17.Qa6 Qc2 18.a4 Rfb8 19.Bf1 Nc8 20.Rec1 Qb2 21.Rab1 Qa3 22.Rxb8 Rxb8 23.Rb1 Nb6
24.Qxa7  1-0

[Event "RUS-chT"]
[Site "Orel"]
[Date "1997.??.??"]
[Round "?"]
[White "Sumaneev, D."]
[Black "Chekhov, Valery A"]
[Result "1/2-1/2"]
[WhiteElo "2435"]
[BlackElo "2520"]

1.e4 d6 2.d4 Nf6 3.Nc3 c6 4.a4 Qa5 5.Bd3 e5 6.Ne2 Be7 7.Bd2 Qc7 8.O-O O-O
9.a5 Nbd7 10.Re1 Re8 11.h3 Bf8 12.f4 a6 13.Bc4 exd4 14.Nxd4 b5 15.axb6 Qxb6
16.Be3 Nc5 17.Nb3 d5 18.Na4 Qc7 19.Nbxc5 dxc4 20.Qd4 Rb8 21.c3  1/2-1/2

[Event "Orel"]
[Site "Orel"]
[Date "1997.??.??"]
[Round "?"]
[White "Bragin, A."]
[Black "Komliakov, Viktor"]
[Result "1-0"]
[WhiteElo "2395"]
[BlackElo "2460"]

1.e4 d6 2.d4 Nf6 3.Nc3 e5 4.Nf3 Nbd7 5.Bc4 Be7 6.O-O O-O 7.a4 c6 8.Re1 a5
9.h3 exd4 10.Nxd4 Nc5 11.b3 Ne8 12.Ba3 Nc7 13.Qf3 N5a6 14.Rad1 Nb4 15.Re2 Be6
16.Nf5 Bxf5 17.Qxf5 Qc8 18.Qf3 Ne6 19.Qg3 Qc7 20.Bb2 Bf6 21.Bxe6 fxe6 22.Qxd6 Qxd6
23.Rxd6 Rad8 24.Rxd8 Rxd8 25.e5 Be7 26.Kf1 Kf7 27.Ke1 Kg6 28.Rd2 Rxd2 29.Kxd2 Kf5
30.Ne2 Bg5+ 31.Kd1 Kg6 32.f4 Be7 33.Kd2 h5 34.g4 hxg4 35.hxg4 Nd5 36.c4 Bb4+
37.Kd3 Nc7 38.Ke4 Na6 39.Bd4 Kf7 40.f5 g6 41.fxe6+ Kxe6 42.Nf4+ Kf7 43.e6+ Ke7
44.g5 Nc5+ 45.Bxc5+ Bxc5 46.Nxg6+ Kxe6 47.Nf4+ Kf7 48.Kf5 Ke7 49.Ne6 Bb4
50.g6 Bc3 51.c5 Ke8 52.g7 Kf7 53.Nd8+ Kxg7 54.Ke6  1-0

[Event "RUS-Cup4"]
[Site "Perm"]
[Date "1997.??.??"]
[Round "1"]
[White "Yakovich, Yuri"]
[Black "Genba, Vladimir"]
[Result "1-0"]
[WhiteElo "2575"]
[BlackElo "2415"]

1.d4 d6 2.e4 Nf6 3.Nc3 e5 4.Nf3 Nbd7 5.Bc4 Be7 6.O-O O-O 7.Re1 c6 8.a4 a5
9.Ba2 h6 10.h3 Re8 11.Be3 Bf8 12.Nd2 Qc7 13.Nc4 exd4 14.Bxd4 Nxe4 15.Nxe4 d5
16.Qh5 Rxe4 17.Rxe4 dxe4 18.Nd6 Qxd6 19.Qxf7+ Kh7 20.Qg8+ Kg6 21.Bf7+ Kf5
22.Qh7+ Kg5 23.h4+ Kxh4 24.Qxe4+ Kg5 25.f4+ Kh4 26.Bf2+  1-0

[Event "Plzen KB opJ-B"]
[Site "Plzen"]
[Date "1997.??.??"]
[Round "2"]
[White "Mezera, Lukas"]
[Black "Ksana, V."]
[Result "0-1"]
[WhiteElo "1795"]
[BlackElo "1630"]

1.e4 d6 2.d4 Nf6 3.Nc3 c6 4.a4 e5 5.dxe5 dxe5 6.Qxd8+ Kxd8 7.Bg5 Be6 8.f4 h6
9.O-O-O+ Kc7 10.Bxf6 gxf6 11.f5 Bc8 12.Bc4 Rh7 13.Rd3 Na6 14.Bxa6 bxa6 15.Nf3 Rb8
16.Na2 Rg7 17.g3 Rg4 18.Nd2 Bb7 19.Rd1 Rd8 20.Rxd8 Kxd8 21.h3 Rg8 22.Nc4+ Kc7
23.g4 Rg5 24.Ne3 Bc5 25.Kd2 h5 26.Rg1 Kd7 27.Ke2 a5 28.Kf3 Ba6 29.b3 Rg8
30.Rd1+ Ke7 31.Ng2 hxg4+ 32.hxg4 Rxg4 33.c4 Rg8 34.Nc1 Rh8 35.Kg3 Bb7 36.Na2 Bd4
37.Re1 Ba6 38.Rd1 Rb8 39.Rd3 Rd8 40.Nc1 Bb7 41.Kf3 Rh8 42.Ne2 Rh3+ 43.Ng3 c5
44.Ne3 Rxg3+ 45.Kxg3 Bxe4 46.Nd5+ Kd6 47.Rd2 Bxf5 48.Nxf6 e4 49.Nd5 Ke5 50.Re2 Bd7
51.Nf4 e3 52.Nd3+ Kf5 53.Nf4 Be5 54.Kf3 Bxf4 55.Re1 Bc6+ 56.Ke2 Ke4 57.Rd1 f5
58.Rd8 Be5 59.Rc8 Bd7 60.Rd8 Be6 61.Re8 Bf7 62.Re7 Bh5+ 63.Ke1 Kf4  0-1

[Event "Plzen KB opJ-C"]
[Site "Plzen"]
[Date "1997.??.??"]
[Round "3"]
[White "Micka, V."]
[Black "Vit, Jiri"]
[Result "0-1"]
[WhiteElo "1630"]
[BlackElo "2050"]

1.e4 d6 2.d4 Nf6 3.Nc3 c6 4.Bd3 e5 5.d5 Be7 6.Nge2 O-O 7.O-O Nbd7 8.Ng3 Re8
9.Bg5 Nxd5 10.Bxe7 Nxe7 11.f4 exf4 12.Rxf4 Qb6+ 13.Kh1 Qxb2 14.e5 Ng6 15.Bxg6 hxg6
16.Na4 Qa3 17.c4 Nxe5 18.Qc2 Qd3 19.Qf2 Ng4 20.Qb2 Re3 21.Nf1 Re2 22.Qc1 Qc2
23.Nc3 Rxg2 24.Qe1 Rxh2+  0-1

[Event "Plzen KB opJ-C"]
[Site "Plzen"]
[Date "1997.??.??"]
[Round "5"]
[White "Szarowski, D."]
[Black "Kaspar, J."]
[Result "1-0"]
[WhiteElo "1905"]
[BlackElo "1760"]

1.e4 d6 2.d4 Nf6 3.Nc3 c6 4.Nf3 Bg4 5.h3 Bh5 6.Be2 Bxf3 7.Bxf3 Nbd7 8.O-O e5
9.d5 c5 10.Be3 a6 11.Ne2 Be7 12.Ng3 g6 13.Bh6 Qc7 14.a4 Bf8 15.Qd2 Bxh6 16.Qxh6 O-O-O
17.a5 Rdf8 18.c4 Rhg8 19.Qd2 h5 20.Rfb1 h4 21.Ne2 g5 22.b4 cxb4 23.Qxb4 Nc5
24.Nc3 g4 25.hxg4 Nxg4 26.Na4 f5 27.Nxc5 dxc5 28.Qb6 Rf7 29.Qe6+ Qd7 30.exf5 h3
31.d6 h2+ 32.Kh1 Nxf2+ 33.Kxh2 e4 34.Bh5 Rh8 35.Qxd7+ Rxd7 36.Kg3 Rxh5 37.Kxf2 Rxf5+
38.Ke3 Rxd6 39.Rd1 Re6 40.Rf1 Rg5 41.Rf8+ Kd7 42.Rb1 Rxg2 43.Rxb7+ Kd6 44.Rf5 Rg3+
45.Ke2 Rd3 46.Rb6+ Ke7 47.Rxc5 Rxb6 48.axb6 Rb3 49.Rc7+ Kd8 50.c5 Rc3 51.c6 Rb3
52.Rd7+ Kc8 53.b7+  1-0

[Event "Plzen KB opJ-B"]
[Site "Plzen"]
[Date "1997.??.??"]
[Round "5"]
[White "Ksana, V."]
[Black "Mrnka, J."]
[Result "0-1"]
[WhiteElo "1630"]
[BlackElo "1790"]

1.e4 d6 2.d4 Nf6 3.Nc3 c6 4.h3 Nbd7 5.f4 e5 6.Nf3 Nh5 7.fxe5 dxe5 8.Bc4 Be7
9.O-O O-O 10.dxe5 Bc5+ 11.Kh2 Qc7 12.g3 Nxe5 13.Ng5 Ng4+ 14.hxg4 Qxg3+ 15.Kh1 Bxg4
16.Qe1 h6 17.Qxg3  0-1

[Event "POL-ch sf"]
[Site "Poraj "]
[Date "1997.??.??"]
[Round "1"]
[White "Sosnicki, Michal"]
[Black "Pedzich, Dominik"]
[Result "0-1"]
[WhiteElo "2225"]
[BlackElo "2465"]

1.d4 d6 2.e4 Nf6 3.Nc3 e5 4.dxe5 dxe5 5.Qxd8+ Kxd8 6.Bc4 Be6 7.Bxe6 fxe6
8.Nf3 Bd6 9.Be3 Nc6 10.Ke2 Ke7 11.a3 Rhb8 12.a4 a6 13.h3 Rf8 14.Rad1 Rab8
15.Nh2 b5 16.axb5 axb5 17.Ng4 Nd4+ 18.Bxd4 exd4 19.Rxd4 Nxg4 20.hxg4 Bc5
21.Rd2 Rxf2+ 22.Ke1 Rf4 23.Rh5 Bb4 24.Rxh7 Bxc3 25.bxc3 Rxe4+ 26.Kf2 Rxg4
27.Rh5 Rc4 28.Rd3 Rf8+ 29.Kg1 Rf5 30.Rh7 Rg5 31.g3 Kf6 32.Kg2 Rd5 33.Rf3+ Kg6
34.Rh2 Rdc5 35.Re3 e5  0-1

[Event "POL-ch sf"]
[Site "Poraj "]
[Date "1997.??.??"]
[Round "4"]
[White "Filipek, Jakub"]
[Black "Szelag, Marcin"]
[Result "1/2-1/2"]
[WhiteElo "2390"]
[BlackElo "2245"]

1.e4 d6 2.d4 Nf6 3.Nc3 e5 4.Nf3 Nbd7 5.Bc4 Be7 6.h3 c6 7.a4 O-O 8.dxe5 Nxe5
9.Nxe5 dxe5 10.Qxd8 Rxd8 11.Be3 a5 12.g4 Nd7 13.O-O-O Re8 14.g5 Bc5 15.Rhf1 b6
16.h4 Kf8 17.h5 Ke7 18.g6 hxg6 19.hxg6 fxg6 20.Bg5+ Nf6 21.f4 Be3+ 22.Kb1 Bxf4
23.Rxf4 exf4 24.e5 Be6 25.Bd3 Kf7 26.exf6 gxf6 27.Bxf4 Bf5 28.Bc4+ Kg7 29.Bc7 Re3
30.Kc1 b5 31.axb5 cxb5 32.Nxb5 Rc8 33.b3 a4 34.Bb6 axb3 35.Bxe3 Rxc4 36.c3 Ra4
37.Kb2 Ra2+ 38.Kxb3 Re2 39.Bd2 Rg2 40.c4 Bg4 41.Kc2 Bxd1+ 42.Kxd1 Kf7  1/2-1/2

[Event "POL-ch sf"]
[Site "Poraj "]
[Date "1997.??.??"]
[Round "6"]
[White "Blehm, Pawel"]
[Black "Szelag, Marcin"]
[Result "1/2-1/2"]
[WhiteElo "2420"]
[BlackElo "2245"]

1.e4 d6 2.d4 Nf6 3.Nc3 e5 4.Nge2 Be7 5.g3 Bg4 6.Bg2 exd4 7.Qxd4 Nc6 8.Qe3 O-O
9.h3 Bc8 10.b3 d5 11.exd5 Nb4 12.Qd2 Bf5 13.O-O Nxc2 14.Nd4 Nxd4 15.Qxd4 Ne8
16.Bb2 Bf6 17.Qd2 h5 18.f3 Nd6 19.Rad1 Re8 20.Rfe1 Qd7 21.g4 hxg4 22.hxg4 Bg6
23.Bf1 Rxe1 24.Rxe1 Re8 25.Rxe8+  1/2-1/2

[Event "GER-chT Seniors"]
[Site "Potsdam"]
[Date "1997.??.??"]
[Round "4"]
[White "Groenegress, Wilfried"]
[Black "Braun, Gottfried"]
[Result "1/2-1/2"]
[WhiteElo "2195"]
[BlackElo "2325"]

1.e4 d6 2.d4 Nf6 3.Nc3 e5 4.Nf3 exd4 5.Nxd4 Be7 6.Be2 O-O 7.O-O Nc6 8.Be3 Re8
9.f4 Bf8 10.Bf3 Bd7 11.Bf2 Nxd4 12.Qxd4 Bc6 13.Rfe1 Be7 14.Rad1 Nd7 15.Nd5 Bf6
16.Nxf6+ Qxf6 17.Qxf6 Nxf6 18.Rd4 Re6 19.e5 Bxf3 20.exf6 Bc6 21.Rxe6 fxe6
22.fxg7 Kxg7 23.Rd3  1/2-1/2

[Event "CZE-ch U20"]
[Site "Prague"]
[Date "1997.??.??"]
[Round "1"]
[White "Jirovsky, Petr"]
[Black "Oral, Tomas"]
[Result "1/2-1/2"]
[WhiteElo "2300"]
[BlackElo "2415"]

1.e4 d6 2.d4 Nf6 3.Nc3 e5 4.Nf3 Nbd7 5.Bc4 Be7 6.O-O O-O 7.h3 c6 8.Bb3 b5
9.a3 Qc7 10.Bg5 a6 11.Qe2 exd4 12.Nxd4 Re8 13.Nf5 Nc5 14.Nxe7+ Qxe7 15.Rfe1 Be6
16.Bxe6 Qxe6 17.Bxf6 Qxf6 18.Qd2 a5 19.f3 Rad8 20.b4 Nd7 21.Ne2 Ne5 22.Nd4 Ra8
23.c3 Ra6 24.a4 Nc4 25.Qd3 Ne5 26.Qd2 axb4 27.axb5 Rxa1 28.Rxa1 c5 29.Nf5 Rd8
30.Rc1 b3 31.Rb1 c4 32.Qd4 g6 33.f4 gxf5 34.fxe5 Qxe5 35.Qxc4 fxe4 36.Rxb3 e3
37.Qe2 Qc5 38.c4 d5 39.Qxe3 Qxe3+ 40.Rxe3 dxc4  1/2-1/2

[Event "SVK-ch"]
[Site "Presov"]
[Date "1997.??.??"]
[Round "5"]
[White "Petran, Peter"]
[Black "Zapletal, Jiri"]
[Result "1-0"]
[WhiteElo "2320"]
[BlackElo "2175"]

1.d4 d6 2.e4 Nf6 3.Nc3 e5 4.Nge2 exd4 5.Nxd4 Nc6 6.Be2 Be7 7.O-O O-O 8.f4 Nxd4
9.Qxd4 c6 10.a4 Nd7 11.a5 Qc7 12.Kh1 f5 13.Qc4+ Kh8 14.Nd5 Qd8 15.Nxe7 Qxe7
16.exf5 Rxf5 17.Bf3 d5 18.Qc3 a6 19.Re1 Qd8 20.Be3 Rf8 21.Bd4 Nf6 22.Re5 Bg4
23.Rg5 Be6 24.g4 Qd7 25.Rg1 Ne8 26.f5 Bg8 27.h4 Rf7 28.h5 h6 29.Rg6 Kh7 30.Qd3 Nf6
31.Re1 Raf8 32.Bg2 Kh8 33.g5 hxg5 34.h6 gxh6 35.Re6  1-0